Design of machinery : (Record no. 11090)

MARC details
000 -LEADER
fixed length control field 00846nac a22001931u 4500
008 - FIXED-LENGTH DATA ELEMENTS--GENERAL INFORMATION
fixed length control field 090226t xxu||||| |||| 00| 0 eng d
010 ## - LIBRARY OF CONGRESS CONTROL NUMBER
LC control number 2002038057
020 ## - INTERNATIONAL STANDARD BOOK NUMBER
International Standard Book Number 0071236716
082 00 - DEWEY DECIMAL CLASSIFICATION NUMBER
Classification number 621.815
Item number NOR
245 10 - TITLE STATEMENT
Title Design of machinery :
Remainder of title an introduction to the synthesis and analysis of mechanisms and machines /
Statement of responsibility, etc Robert L. Norton.
250 ## - EDITION STATEMENT
Edition statement 3rd ed.
Remainder of edition statement International ed.
260 ## - PUBLICATION, DISTRIBUTION, ETC. (IMPRINT)
Place of publication, distribution, etc Boston :
Name of publisher, distributor, etc McGraw-Hill Higher Education,
Date of publication, distribution, etc c.2004.
300 ## - PHYSICAL DESCRIPTION
Extent xxi, 858 p. :
Other physical details ill. ;
Dimensions 24 cm.
Accompanying material + 1 CD-ROM (4 3/4 in.)
500 ## - GENERAL NOTE
General note distributer: Baccah
504 ## - BIBLIOGRAPHY, ETC. NOTE
Bibliography, etc Includes bibliographical references and index.
856 42 - ELECTRONIC LOCATION AND ACCESS
Materials specified Publisher description
Uniform Resource Identifier <a href="http://www.loc.gov/catdir/enhancements/fy0668/2002038057-d.html">http://www.loc.gov/catdir/enhancements/fy0668/2002038057-d.html</a>
856 42 - ELECTRONIC LOCATION AND ACCESS
Materials specified Table of contents only
Uniform Resource Identifier <a href="http://www.loc.gov/catdir/enhancements/fy0668/2002038057-t.html">http://www.loc.gov/catdir/enhancements/fy0668/2002038057-t.html</a>
942 ## - ADDED ENTRY ELEMENTS (KOHA)
Item type
Call number prefix 621.815NOR
Source of classification or shelving scheme Dewey Decimal Classification
Holdings
Withdrawn status Item status Source of classification or shelving scheme Damaged status Not for loan Vendor Home library Current library Shelving location Date acquired Source of acquisition Total Checkouts Total Renewals Full call number Barcode Date last seen Date last borrowed Koha item type
    Dewey Decimal Classification     Baccah Central Library Central Library First floor 22/03/2009   9 70 621.815 NOR 000015662 15/07/2025 06/04/2025 Book - Borrowing